The Holy Bible, Revised Standard Version/ (Record no. 20024)

MARC details
000 -LEADER
fixed length control field 00684cam a2200229u 4500
001 - CONTROL NUMBER
control field 8219564
003 - CONTROL NUMBER IDENTIFIER
control field BDDh-ASL
005 - DATE AND TIME OF LATEST TRANSACTION
control field 20231015025833.0
008 - FIXED-LENGTH DATA ELEMENTS--GENERAL INFORMATION
fixed length control field 821004s1973 nyub 000 0 eng
010 ## - LIBRARY OF CONGRESS CONTROL NUMBER
LC control number 09009247
040 ## - CATALOGING SOURCE
Original cataloging agency DLC
Transcribing agency CarP
Modifying agency DLC
-- BDDh-ASL
050 00 - LIBRARY OF CONGRESS CALL NUMBER
Classification number BS185 1909
Item number .N4
082 ## - DEWEY DECIMAL CLASSIFICATION NUMBER
Classification number 220
Item number BIB
110 1# - MAIN ENTRY--CORPORATE NAME
9 (RLIN) 2565
Corporate name or jurisdiction name as entry element William Collins Sons & Com. Ltd.
130 0# - MAIN ENTRY--UNIFORM TITLE
Uniform title Bible.
Language of a work English.
Version Authorized.
Date of a work 1909.
245 14 - TITLE STATEMENT
Title The Holy Bible, Revised Standard Version/
260 ## - PUBLICATION, DISTRIBUTION, ETC.
Place of publication, distribution, etc. New York,
Name of publisher, distributor, etc. Oxford University Press,
Date of publication, distribution, etc. [1973]
300 ## - PHYSICAL DESCRIPTION
Extent 1362 p.
Other physical details col. maps.
Dimensions 19 cm.
650 #0 - SUBJECT ADDED ENTRY--TOPICAL TERM
9 (RLIN) 2558
Topical term or geographic name entry element Bible
906 ## - LOCAL DATA ELEMENT F, LDF (RLIN)
a 0
b cbc
c premunv
d u
e ncip
f 19
g y-gencatlg
942 ## - ADDED ENTRY ELEMENTS (KOHA)
Source of classification or shelving scheme Dewey Decimal Classification
Koha item type Books
Holdings
Withdrawn status Lost status Source of classification or shelving scheme Damaged status Not for loan Collection code Home library Current library Shelving location Date acquired Source of acquisition Total Checkouts Full call number Barcode Date last seen Copy number Price effective from Koha item type
    Dewey Decimal Classification     Non-fiction Asiatic Society Library Asiatic Society Library General Stacks 12/24/2020 ASB Collection   220 BIB 103426 12/24/2020 C-1 12/24/2020 Books

Powered by Koha